Macroeconomics Fluctuations and Policies (Record no. 1308869)

MARC details
000 -LEADER
fixed length control field 02494nam a2200229 4500
005 - DATE AND TIME OF LATEST TRANSACTION
control field 20250411133203.0
008 - FIXED-LENGTH DATA ELEMENTS--GENERAL INFORMATION
fixed length control field 250411b |||||||| |||| 00| 0 eng d
020 ## - INTERNATIONAL STANDARD BOOK NUMBER
International Standard Book Number 9780262039550
037 ## - SOURCE OF ACQUISITION
Terms of availability Textual
040 ## - CATALOGING SOURCE
Original cataloging agency RTL
Transcribing agency RTL
084 ## - COLON CLASSIFICATION NUMBER
Classification number X:72 Q9
Assigning agency RTL
100 ## - MAIN ENTRY--PERSONAL NAME
Personal name Challe, Edouard
9 (RLIN) 752162
245 ## - TITLE STATEMENT
Title Macroeconomics Fluctuations and Policies
260 ## - PUBLICATION, DISTRIBUTION, ETC.
Place of publication, distribution, etc. Cambridge
Name of publisher, distributor, etc. The MIT Press
Date of publication, distribution, etc. 2019
300 ## - PHYSICAL DESCRIPTION
Extent x, 344 p.
Other physical details Includes bibliographical references and index
520 ## - SUMMARY, ETC.
Summary, etc. Born out of 15 years of teaching by Edouard Challe at institutions in France, the UK, and US, this textbook presents the basic tools for analyzing macroeconomic fluctuations and policies. Intended for students who will either go on to graduate study in economics or move directly to real-world jobs in banking, business, or government, the book applies these tools to a number of concrete issues that are encountered today. Challe uses a unified New Keynesian framework, used most commonly by academic researchers and central bankers. After a general introduction presenting some empirical and methodological elements, the book is divided into four parts. Part I provides the foundations of the modern theory of business-cycle fluctuations through the notions of aggregate demand and aggregate supply. Part II turns to the regular business cycle: it first examines how aggregate demand and supply interact and propagate the impact of macroeconomic shocks, and then pays special attention to the workings of the labor market over the business cycle. Part III is devoted to conventional macroeconomic policies: monetary policy and fiscal policy. Part IV, on the liquidity trap and unconventional macroeconomic policies, has been specifically revised for this English edition. It discusses how the US fell into financial crisis and how the crisis spread to the rest of the world. It also explores unconventional policy choices made by the US Federal Reserve and the Bank of England. It also discusses unconventional policy ideas like negative interest rates, high inflation targets, and price-level targeting. The book concludes with the study of the effects of fiscal policies and structural reforms in a liquidity trap. Chapters feature end-of-chapter problems, for which solutions will be provided
650 ## - SUBJECT ADDED ENTRY--TOPICAL TERM
Topical term or geographic name entry element Business cycles
9 (RLIN) 752163
650 ## - SUBJECT ADDED ENTRY--TOPICAL TERM
Topical term or geographic name entry element Macroeconomics
650 ## - SUBJECT ADDED ENTRY--TOPICAL TERM
Topical term or geographic name entry element Monetary policy
700 ## - ADDED ENTRY--PERSONAL NAME
Personal name Emanuel, Susan
Relator term translator
9 (RLIN) 752164
942 ## - ADDED ENTRY ELEMENTS (KOHA)
Source of classification or shelving scheme Colon Classification (CC)
Suppress in OPAC No
Koha item type Textbook
Classification part X:72 Q9
Holdings
Withdrawn status Lost status Source of classification or shelving scheme Damaged status Not for loan Home library Current library Date acquired Total Checkouts Full call number Barcode Date last seen Price effective from Koha item type
    Colon Classification (CC)     Ratan Tata Library Ratan Tata Library 2025-04-11   X:72 Q9 RT1528406 2025-04-11 2025-04-11 Textbook
Copyright @ Delhi University Library System